00829nam a2200241 a 450000100060000000300080000600500170001400800410003102000280007203500190010004000230011904100080014208200250015024501090017526000610028430000260034550400510037165000440042265000320046670000480049870000210054670000200056768589BD-RjUL20211209081805.0980416s1998 enk 101 0 eng  a0851992951 (alk. paper) a(BD-RjUL)68799 aDLCcDLCdDLCbeng aeng00223a631.52bAGR 199810aAgricultural values of plant genetic resources /cedited by R.E. Evenson, D. Gollin, and V. Santaniello. aWallingford, UK ;aNew York :bCAB International,c1998. axvi, 285 p. ;c25 cm. aIncludes bibliographical references and index. 0aGermplasm resources, PlantxCongresses. 0aPlant breedingxCongresses.1 aEvenson, Robert E.q(Robert Eugene),d1934-1 aGollin, Douglas.1 aSantaniello, V.